<?xml version="1.0" encoding="UTF-8"?>
<record
    xmlns:xsi="http://www.w3.org/2001/XMLSchema-instance"
    xsi:schemaLocation="http://www.loc.gov/MARC21/slim http://www.loc.gov/standards/marcxml/schema/MARC21slim.xsd"
    xmlns="http://www.loc.gov/MARC21/slim">

  <leader>01404nab a2200241 i 4500</leader>
  <controlfield tag="001">BPP</controlfield>
  <controlfield tag="003">BPK</controlfield>
  <controlfield tag="005">20160121090125.0</controlfield>
  <controlfield tag="008">160121s1983    pl  |  |     |100 ||pol</controlfield>
  <datafield tag="040" ind1=" " ind2=" ">
    <subfield code="c">BPK</subfield>
  </datafield>
  <datafield tag="080" ind1=" " ind2=" ">
    <subfield code="a">796.012</subfield>
  </datafield>
  <datafield tag="100" ind1=" " ind2=" ">
    <subfield code="a">KRAWIEC, Stanis&#x142;aw.</subfield>
    <subfield code="d">1981 - 1991.</subfield>
    <subfield code="b">Wy&#x17C;sza Szko&#x142;a In&#x17C;ynierska w Koszalinie - Studium Wychowania Fizycznego i Sportu</subfield>
  </datafield>
  <datafield tag="245" ind1=" " ind2=" ">
    <subfield code="a">Sprawno&#x15B;&#x107; fizyczna dziewcz&#x105;t ucz&#x119;szczaj&#x105;cych do klas sprofilowanych Zespo&#x142;u Szk&#xF3;&#x142; Og&#xF3;lnokszta&#x142;c&#x105;cych w Ko&#x142;obrzegu /</subfield>
    <subfield code="c">Stanis&#x142;aw Krawiec.</subfield>
  </datafield>
  <datafield tag="260" ind1=" " ind2=" ">
    <subfield code="c">1983.</subfield>
  </datafield>
  <datafield tag="500" ind1=" " ind2=" ">
    <subfield code="a">Dane z autopsji.</subfield>
  </datafield>
  <datafield tag="520" ind1=" " ind2=" ">
    <subfield code="a">Badaniem obj&#x119;to dziewcz&#x119;ta ucz&#x119;szczaj&#x105;ce do klas sprofilowanych Zespo&#x142;u Szk&#xF3;&#x142; Og&#xF3;lnokszta&#x142;c&#x105;cych w Ko&#x142;obrzegu. Stwierdzono najwy&#x17C;sz&#x105; sprawno&#x15B;&#x107; fizyczn&#x105; u dziewcz&#x105;t w klasach o profilu matematyczno-fizycznym i o profilu podstawowym, natomiast najni&#x17C;sz&#x105; w klasie humanistycznej i z rozszerzonym programem j. francuskiego.</subfield>
  </datafield>
  <datafield tag="650" ind1=" " ind2=" ">
    <subfield code="a">Dziewcz&#x119;ta.</subfield>
  </datafield>
  <datafield tag="650" ind1=" " ind2=" ">
    <subfield code="a">Sprawno&#x15B;&#x107; fizyczna.</subfield>
  </datafield>
  <datafield tag="655" ind1=" " ind2="0">
    <subfield code="a">Materia&#x142;y konferencyjne.</subfield>
  </datafield>
  <datafield tag="711" ind1=" " ind2=" ">
    <subfield code="a">Seminarium : Przyrodnicze podstawy wychowania fizycznego i sportu w uczelniach technicznych</subfield>
    <subfield code="n">(4 ;</subfield>
    <subfield code="d">1981.11.27 ;</subfield>
    <subfield code="c">Koszalin, Polska).</subfield>
  </datafield>
  <datafield tag="773" ind1=" " ind2=" ">
    <subfield code="i">W :</subfield>
    <subfield code="t">Zeszyty Naukowe Wy&#x17C;szej Szko&#x142;y In&#x17C;ynierskiej w Koszalinie. Prace Studi&#xF3;w Wychowania Fizycznego i Sportu Uczelni Technicznych. -</subfield>
    <subfield code="g">1983, nr 9, s. 69-85</subfield>
  </datafield>
  <datafield tag="942" ind1=" " ind2=" ">
    <subfield code="c">ART</subfield>
    <subfield code="2">UKD</subfield>
  </datafield>
  <datafield tag="999" ind1=" " ind2=" ">
    <subfield code="c">5150</subfield>
    <subfield code="d">5150</subfield>
  </datafield>
  <datafield tag="952" ind1=" " ind2=" ">
    <subfield code="0">0</subfield>
    <subfield code="1">0</subfield>
    <subfield code="4">0</subfield>
    <subfield code="7">0</subfield>
    <subfield code="a">BPK</subfield>
    <subfield code="b">BPK</subfield>
    <subfield code="o">0153</subfield>
    <subfield code="y">ART</subfield>
  </datafield>
</record>
